00705nam a2200277Ia 4500008004100000020001900041100002000060245001700080245005200097260001500149260002000164260000900184300002600193300002700219300001000246650001700256650001700273650001700290650002000307650002200327650001300349650001300362650002200375650002200397700000800419160803s9999 xx 000 0 und d a978-0670887224 aWells, Rosemary aNoisy Nora / cwith all new illustrations [by] Rosemary Wells. aNew York : bScholastic Inc. c1973 a1 volume (unpaged) :  bcolor illustrations ;  c28 cm aBehavior --  aBehavior --  aFamilies --  aFamily life --  aStories in rhyme. xFiction. xFiction. xJuvenile fiction. xJuvenile fiction. a320